[Event "Utrecht OKU op 49th"]
[Site "Utrecht"]
[Date "2024.05.10"]
[Round "2"]
[White "Gassner, Yuri"]
[Black "Bodicky, Michal"]
[Result "1-0"]
[WhiteElo "1993"]
[BlackElo "2235"]
[PlyCount "115"]
[EventDate "2024.05.10"]
[EventType "swiss"]
[EventRounds "6"]
[EventCountry "NED"]
[SourceTitle "CB20_2024"]
[SourceDate "2024.05.16"]
[SourceVersion "1"]
[SourceVersionDate "2024.05.16"]
[SourceQuality "1"]

1. e4 e5 2. Nf3 Nc6 3. Bc4 Nf6 4. d3 Bc5 5. Nc3 a6 6. Bg5 h6 7. Bxf6 Qxf6 8. Nd5 Qd8 9. c3 d6 10. d4 Ba7 11. dxe5 Nxe5 12. Nxe5 dxe5 13. Qh5 0-0 14. Qxe5 Re8 15. Qf4 Be6 16. 0-0-0 Bb8 17. Ne3 Qe7 18. Rhe1 Bxc4 19. Nxc4 Qe6 20. e5 b5 21. Qe4 Ba7 22. Ne3 Qxe5 23. Qxe5 Rxe5 24. Nd5 Rxe1 25. Rxe1 c6 26. Ne3 Re8 27. Kd2 g6 28. Ng4 Rd8+ 29. Kc2 h5 30. Ne5 Re8 31. f4 Bb8 32. Kd2 g5 33. Nd3 Rxe1 34. Kxe1 Kg7 35. Kf2 g4 36. Ke3 Kf6 37. Ke4 Ba7 38. Nb4 Bg1 39. h3 gxh3 40. gxh3 Ke6 41. Nxc6 f5+ 42. Kd3 h4 43. Nd4+ Kf6 44. Nf3 Bf2 45. Ke2 Bg3 46. Ke3 Ke6 47. Nd4+ Kf6 48. Ne2 Be1 49. Kd4 b4 50. c4 Ke6 51. Kc5 Bd2 52. Kb6 a5 53. b3 Be3+ 54. Kxa5 Bc5 55. Kb5 Kd6 56. Nc1 Be3 57. Nd3 Bd2 58. Kb6 1-0